logo

Bir Sreshtho Munshi Abdur Rouf Library
Jhenaidah Cadet College

Living Traditions / (Record no. 8599)

MARC details
000 -LEADER
fixed length control field 00573nam a2200229 a 4500
001 - CONTROL NUMBER
JCCL Control Number 8599
003 - CONTROL NUMBER IDENTIFIER
JCCL marc code BD-JhCC
005 - DATE AND TIME OF LATEST TRANSACTION
control field 20180227200950.0
008 - FIXED-LENGTH DATA ELEMENTS--GENERAL INFORMATION
fixed length control field 180227b2007 bg a|||| ||a| 000 0 ben d
035 ## - SYSTEM CONTROL NUMBER
system control number (BD-JhCC) 8599
040 ## - CATALOGING SOURCE
Original cataloging agency BD-JhCC
Modifying agency BD-JhCC
041 ## - LANGUAGE CODE
Language code of Book ben
082 ## - DEWEY DECIMAL CLASSIFICATION NUMBER
Classification number 954.92
Author mark and Year GLA 2007
100 ## - MAIN ENTRY--PERSONAL NAME
Personal name Glassie, Henry
245 ## - TITLE STATEMENT
Title Living Traditions /
Statement of responsibility, etc Henry Glassie
260 ## - PUBLICATION, DISTRIBUTION, ETC. (IMPRINT)
Place of publication, distribution, etc Dhaka :
Name of publisher, distributor, etc Asiatic society of Bangladesh,
Date of publication, distribution, etc 2007
300 ## - PHYSICAL DESCRIPTION
Pagination 600 p .:
Dimensions 24 cm .
650 ## - SUBJECT ADDED ENTRY--TOPICAL TERM
Topical term or geographic name as entry element Bangladesh
700 ## - ADDED ENTRY--PERSONAL NAME
Personal name Firoz Mahmud
942 ## - ADDED ENTRY ELEMENTS (KOHA)
Source of classification or shelving scheme Dewey Decimal Classification
Koha item type Books
Holdings
Source of classification or shelving scheme volume number Damaged status Not for loan Home library Current library Shelving location Date of accession Cost, normal purchase price Full call number Barcode Date last seen Copy number Koha item type Total Checkouts Method of acquisition Currency
Dewey Decimal Classification V-11     JCC Rouf Library JCC Rouf Library General Stacks 02/27/2018 950.00 954.92 GLA 2007 10492 02/27/2018 C - 1 Books      
Dewey Decimal Classification V-11     JCC Rouf Library JCC Rouf Library General Stacks 09/18/2023 600.00 954.92 GLA 2007 18561 09/18/2023 C-2 Books   Purchase BDT

JCC Library | Contacts | JCC Home

Last Update on 23 September 2017
Copyright @ 2017-2020 JCC Rouf Library
Rouf Library, Jhenidah Cadet College (JCC), Bangladesh